Supa Strikas FC - Piłkarze - Statystyki

Ogólne statystyki
  • Ten quiz został rozwiązany 168 razy
  • Średni wynik to 9 z 18
Statystyki odpowiedzi
Nr. Imię Pozycja % Poprawnych
01 Wielki Bo Bramkarz (VC)
97%
20 El Matador Napastnik
91%
10 Shaker Napastnik
88%
55 Ściana Obrońca
87%
09 Gibki Rasta Pomocnik (C)
80%
16 Skrętny Tygrys Pomocnik
80%
07 Luźny Joe Pomocnik
78%
02 Klaus Napastnik
77%
04 Sokole Oko Obrońca
62%
08 North Shaw Obrońca
44%
23 Lankey Napastnik (R)
35%
06 Griz Obrońca (R)
28%
03 Noah Murdoch Bramkarz (R)
17%
33 Rizo Pomocnik
15%
12 Aldo Napastnik (R)
13%
19 Gray Pomocnik (R)
10%
24 Blancas Pomocnik (R)
9%
17 Nathaniel Pomocnik (R)
5%
Nie znaleziono quizów pasujących do podanych kryteriów
Rozkład punktacji
Procent ludzi z każdym wynikiem
Percentyl według liczby udzielonych odpowiedzi
Twoja historia wyników
Nie rozwiązałeś tego quizu